Formation and evolution of black holes in the galaxy : Selected papers with commentary
This invaluable book contains 23 papers on astrophysics, chiefly on compact objects, written over 23 years. The papers are accompanied by illuminating commentary.
Guardat en:
| Autor principal: | |
|---|---|
| Altres autors: | , |
| Format: | Llibre |
| Idioma: | Vietnamese |
| Publicat: |
Singapore
World Scientific
2003
|
| Col·lecció: | World Scientific 20th century physics
vol 33 |
| Matèries: | |
| Etiquetes: |
Afegir etiqueta
Sense etiquetes, Sigues el primer a etiquetar aquest registre!
|
| Thư viện lưu trữ: | Thư viện Trường Đại học Nam Cần Thơ |
|---|
| LEADER | 01354nam a22002657a 4500 | ||
|---|---|---|---|
| 001 | NCT_83130 | ||
| 008 | 200724b xxu||||| |||| 00| 0 vie d | ||
| 999 | |c 4089 |d 4089 | ||
| 020 | |a 9812382119 | ||
| 082 | 0 | 4 | |2 23rd ed. |a 523 |b B563 |
| 100 | 1 | |a Bethe, Hans Albrecht | |
| 245 | 1 | 0 | |a Formation and evolution of black holes in the galaxy : |b Selected papers with commentary |c Hans Albrecht Bethe |
| 260 | |a Singapore |b World Scientific |c 2003 | ||
| 300 | |a xi, 506 p. |b ill. |c 26cm | ||
| 490 | 1 | |a World Scientific 20th century physics |v vol 33 | |
| 504 | |a Includes bibliographical references | ||
| 520 | 3 | |a This invaluable book contains 23 papers on astrophysics, chiefly on compact objects, written over 23 years. The papers are accompanied by illuminating commentary. | |
| 653 | |a Cơ bản | ||
| 700 | 1 | |a Brown, Gerald Edward | |
| 700 | 1 | |a Lee, Chang-Hwan | |
| 942 | |2 ddc |c BK | ||
| 952 | |0 0 |1 0 |2 ddc |4 0 |6 523_000000000000000_B563 |7 0 |9 20117 |a 000001 |b 000001 |d 2020-07-24 |o 523 B563 |p MD.17464 |r 2020-07-24 |w 2020-07-24 |y BK | ||
| 952 | |0 0 |1 0 |2 ddc |4 0 |6 523_000000000000000_B563 |7 0 |9 20118 |a 000001 |b 000001 |d 2020-07-24 |o 523 B563 |p MD.17462 |r 2020-07-24 |w 2020-07-24 |y BK | ||
| 952 | |0 0 |1 0 |2 ddc |4 0 |6 523_000000000000000_B563 |7 0 |9 20119 |a 000001 |b 000001 |d 2020-07-24 |o 523 B563 |p MD.17463 |r 2020-07-24 |w 2020-07-24 |y BK | ||
| 980 | |a Thư viện Trường Đại học Nam Cần Thơ | ||


